Mol̲ip pōrāṭṭam / (Record no. 82902)

MARC details
000 -LEADER
fixed length control field 00755cam a2200241 a 4500
001 - CONTROL NUMBER
control field sa 68009393
003 - CONTROL NUMBER IDENTIFIER
control field DLC
005 - DATE AND TIME OF LATEST TRANSACTION
control field 20260227112542.0
008 - FIXED-LENGTH DATA ELEMENTS--GENERAL INFORMATION
fixed length control field 980904s1957 ii 000 0 tam
010 ## - LIBRARY OF CONGRESS CONTROL NUMBER
LC control number sa 68009393
040 ## - CATALOGING SOURCE
Original cataloging agency DLC
Transcribing agency DLC
Modifying agency DLC
043 ## - GEOGRAPHIC AREA CODE
Geographic area code a-ii---
050 00 - LIBRARY OF CONGRESS CALL NUMBER
Classification number JQ220.L3
Item number N37
100 1# - MAIN ENTRY--PERSONAL NAME
Personal name Netuñcel̲iyan̲, Irā.,
Dates associated with a name 1920-
245 10 - TITLE STATEMENT
Title Mol̲ip pōrāṭṭam /
Statement of responsibility, etc. Irā. Neṭuñcel̲iyan̲.
260 ## - PUBLICATION, DISTRIBUTION, ETC.
Place of publication, distribution, etc. Tirucci :
Name of publisher, distributor, etc. Tirāviṭap Pan̲n̲ai,
Date of publication, distribution, etc. [19]48.
300 ## - PHYSICAL DESCRIPTION
Extent 96 p. ;
Dimensions 18 cm.
546 ## - LANGUAGE NOTE
Language note In Tamil.
520 ## - SUMMARY, ETC.
Summary, etc. On the struggle for language supermacy between Hindi and Tamil.
650 #0 - SUBJECT ADDED ENTRY--TOPICAL TERM
Topical term or geographic name entry element Language and languages
Geographic subdivision India
-- Tamil Nadu.
650 #0 - SUBJECT ADDED ENTRY--TOPICAL TERM
Topical term or geographic name entry element Hindi language
General subdivision Comparison.
650 #0 - SUBJECT ADDED ENTRY--TOPICAL TERM
Topical term or geographic name entry element Tamil language
General subdivision Comparison.

No items available.

Powered by Koha